000 00344 a2200109 4500
001 ART_43488
005 20260410162024.0
008 260409a
245 1 0 _aWorker displacement and the added worker effect
100 1 _aStephens, Melvin, Jr.
773 0 _tJournal of labor economics
_g- Vol. 20, NÂș 3 (jul. 2002)
_wREV43438
999 _c33407
_d33407